LEADER 00918nam0-2200313 --450 001 9910648296103321 005 20230309103659.0 010 $a978-88-7711-694-9 100 $a20230309d2010----kmuy0itay5050 ba 101 0 $aita 102 $aIT 105 $a 001yy 200 1 $aAutopsie medico-legali$etecnica e diagnostica$fRoberto Messina 210 $aTorino$cMinerva medica$d2010 215 $aXIV, 205 p.$cill.$d27 cm 610 0 $aAutopsia 676 $a616.0759$v21 700 1$aMessina,$bRoberto$f<1950- >$01322316 801 0$aIT$bUNINA$gREICAT$2UNIMARC 901 $aBK 912 $a9910648296103321 952 $a90 R 12a 77$b6/2023$fFMEBC 952 $a90 R 12a 78$b7/2023$fFMEBC 952 $a90 R 12a 79$b8/2023$fFMEBC 952 $a90 R 12a 80$b9/2023$fFMEBC 952 $a90 R 12a 81$b10/2023$fFMEBC 959 $aFMEBC 996 $aAutopsie medico-legali$93034807 997 $aUNINA LEADER 01285nam0-2200349 --450 001 9911032873103321 005 20251014130006.0 010 $a9791223502372 100 $a20251014d2025----kmuy0itay5050 ba 101 0 $aita 102 $aIT 105 $a 001yy 200 1 $aCodice dei contratti pubblici$eannotato articolo per articolo$ed.lgs. 31 marzo 2023 n. 36$e(aggiornato al D.lg.s 31 dicembre 2024, n. 209, Decreto correttivo)$f[a cura di] Claudio Contessa, Paolo Del Vecchio$gcon i contributi di Luigi Carbone ... [et al.]$gcon i commenti di Giulia Amisano ... [et al.] 205 $aNuova ed 210 $aNapoli$cEditoriale scientifica$dİ2025 215 $a2 volumi (CCXLII, XI, 1661 p.)$d24 cm 225 1 $aProfessione giurista 300 $aIn copertina: 2. ed. 676 $a346.4502302638$v23$zita 702 1$aDel Vecchio,$bPaolo$f<1967- > 702 1$aContessa,$bClaudio$f<1969- > 702 1$aAmisano,$bGiulia 702 1$aCarbone,$bLuigi$f<1964- > 710 02$aItalia$0423419 801 0$aIT$bUNINA$gREICAT$2UNIMARC 901 $aBK 912 $a9911032873103321 952 $aVI Z 339 (1)$b2025/1472$fFGBC 952 $aVI Z 339 (2)$b2025/1472$fFGBC 959 $aFGBC 996 $aCodice dei contratti pubblici$91024582 997 $aUNINA